OpenGL shading language
Αποθηκεύτηκε σε:
| Κύριος συγγραφέας: | |
|---|---|
| Άλλοι συγγραφείς: | |
| Μορφή: | Βιβλίο |
| Γλώσσα: | English |
| Δημοσίευση: |
Upper Saddle River, NJ :
Addison-Wesley,
c2006.
|
| Έκδοση: | 2nd ed. |
| Θέματα: | |
| Ετικέτες: |
Προσθήκη ετικέτας
Δεν υπάρχουν, Καταχωρήστε ετικέτα πρώτοι!
|
MARC
| LEADER | 00000cam a2200000 i 4500 | ||
|---|---|---|---|
| 001 | 1/79159 | ||
| 008 | 080328s2006 nju| ||| |||| ||eng|| | ||
| 020 | |a 9780321334893 | ||
| 020 | |a 0321334892 | ||
| 035 | |l 10095896 | ||
| 040 | |a GR-MyUa |b gre |e AACR2 | ||
| 041 | 0 | |a eng | |
| 082 | 7 | |a 006.686 |2 (22) | |
| 100 | 1 | |a Rost, Randi J. | |
| 245 | 1 | 0 | |a OpenGL shading language / |c Randi J. Rost ; with contributions by John M. Kessenich ... [κ.ά.]. |
| 250 | |a 2nd ed. | ||
| 260 | |a Upper Saddle River, NJ : |b Addison-Wesley, |c c2006. | ||
| 300 | |a xlv, 740 σ. : |b εικ. ; |c 23 εκ. | ||
| 504 | |a Βιβλιογραφία: σ. 689-704. Ευρετήριο. | ||
| 630 | 0 | 0 | |a OpenGL. |
| 650 | 0 | |a Computer graphics. | |
| 700 | 1 | |a Kessenich, John M. | |
| 852 | |a INST |b SYROS |e 20080328 |h 006.686 ROS |p 005500006251 |q 005500006251 |t BK |y 0 | ||
| 901 | |a BIBL5-2008-1 | ||
| 922 | |a 5ΕΛΗ |b 200712 |c ΕΠΕΑΕΚ2/ΤΜΣΠΣ |d Ελευθερουδάκης | ||
| 970 | |a Καγιαβά |b Ειρήνη |z 28/03/2008 | ||